000 01512cam a2200253 4500
001 ABS66846
008 030625n2003 000 0 eng u
035 _a(Sirsi) u122742
100 _aIves, P.
245 _aRegulation of tenancy money - probity and protection, or just potty politics?
260 _c2003
490 _aLetting Update Journal
_v11(1) April 2003, 13-15(3)
520 _aConsiders the proposals for regulatory control and the introduction of measures to protect tenants deposit money surveyed in the recent government consultation paper. Reviews the need and support for reform, looks at the custodial option of lodging deposits with an independent third party with mandatory insurance protection in particular and the problem area of return of rental deposits. Examines key issues in the consultation paper including what arrangements are made for deposit protection in other countries, evidence from the pilot Tenancy Deposit Scheme (TDS) and its dispute resolution functions. Appends the Lettings Centre's response to the consultation. View "Tenancy money: probity and protection" at www.housing.odpm.gov.uk/.
590 _aABS
650 _aPROPERTY-RESIDENTIAL PROPERTY-RESIDENTIAL LANDLORD AND TENANT-RESIDENTIAL TENANCIES
650 _aDEPOSITS
650 _aDISPUTE RESOLUTION
_96236
650 _aTENANCY DEPOSIT SCHEME (TDS)
650 _aLANDLORDS
650 _aTENANTS
650 _aTENANCY MONEY
690 _aPROPERTY MANAGEMENT-RESIDENTIAL PROPERTY
942 _n0
999 _c72922
_d72922